| 000 -CABECERA |
| campo de control de longitud fija |
01168nam a2200205 a 4500 |
| 001 - NÚMERO DE CONTROL |
| campo de control |
000085231 |
| 005 - FECHA Y HORA DE LA ÚLTIMA TRANSACCIÓN |
| campo de control |
20200120224909.0 |
| 008 - DATOS DE LONGITUD FIJA--INFORMACIÓN GENERAL |
| campo de control de longitud fija |
180703s2017 ck e|| |000|||spa d |
| 020 ## - NÚMERO INTERNACIONAL ESTÁNDAR DEL LIBRO |
| Número Internacional Estándar del Libro |
9789585833999 |
| 041 ## - CÓDIGO DE LENGUA |
| Código de lengua del texto/banda sonora o título independiente |
spa |
| 043 ## - CÓDIGO DE ÁREA GEOGRÁFICA |
| Código de área geográfica |
s-ck--- |
| 090 ## - LOCALMENTE ASIGNADO TIPO-LC NÚMERO DE CLASIFICACIÓN (OCLC); NÚMERO DE CLASIFICACIÓN LOCAL (RLIN) |
| Número de clasificación (OCLC) (R) ; Numero de clasificación, CALL (RLIN) (NR) |
AN |
| Número cutter local (OCLC) ; Número de libro/Signatura topográfica íntegra, CALL (RLIN) |
NORLUm |
| 100 1# - ENTRADA PRINCIPAL--NOMBRE DE PERSONA |
| Nombre de persona |
Noriega, Luis |
| 245 10 - MENCIÓN DE TÍTULO |
| Título |
Mediocristán es un país tranquilo / |
| Mención de responsabilidad, etc. |
Luis Noriega. |
| 260 ## - PUBLICACIÓN, DISTRIBUCIÓN, ETC. |
| Lugar de publicación, distribución, etc. |
Bogotá : |
| Nombre del editor, distribuidor, etc. |
Random House, |
| Fecha de publicación, distribución, etc. |
2017. |
| 300 ## - DESCRIPCIÓN FÍSICA |
| Extensión |
167 páginas. |
| 520 ## - SUMARIO, ETC. |
| Sumario, etc. |
"Esta novela de frases cortas, irónicas y tan precisas y fulminantes como aforismos es una sátira divertida y demoledora de la filosofía existencial de una generación y, por qué no, de las promesas de futuro de la sociedad contemporánea.Después de varios años de ausencia, el protagonista de esta novela se dispone a abandonar la tranquilidad de su vida barcelonesa para volver a su ciudad natal. Un regreso a los fantasmas del pasado -sus ex compañeros barrigones y las expectativas de sus padres- que amenaza con poner en riesgo la tranquilidad de Mediocristán, el territorio moral en el que se ha instalado a vivir cómodamente." |
| 650 14 - PUNTO DE ACCESO ADICIONAL DE MATERIA--TÉRMINO DE MATERIA |
| Término de materia o nombre geográfico como elemento de entrada |
Novela colombiana |
| 650 24 - PUNTO DE ACCESO ADICIONAL DE MATERIA--TÉRMINO DE MATERIA |
| Término de materia o nombre geográfico como elemento de entrada |
Literatura colombiana |